| 000 | 01159cam a22002774a 4500 | ||
|---|---|---|---|
| 999 |
_c330282 _d330282 |
||
| 001 | 11965148 | ||
| 003 | NUST | ||
| 005 | 20170616102522.0 | ||
| 008 | 000405s2000 flua b 001 0 eng | ||
| 010 | _a 00039104 | ||
| 020 | _a1566703921 (alk. paper) | ||
| 040 |
_aDLC _cDLC _dDLC |
||
| 042 | _apcc | ||
| 050 | 0 | 0 |
_aQR54 _b.C85 2000 |
| 082 | 0 | 0 |
_a579.30222 CUL _221 |
| 100 | 1 |
_aCullimore, D. Roy. _92787 |
|
| 245 | 1 | 0 |
_aPractical atlas for bacterial identification / _cD. Roy Cullimore. |
| 246 | 3 | 0 | _aBacterial identification |
| 260 |
_aBoca Raton : _bCRC/Lewis, _c2000. |
||
| 300 |
_a209 p. : _bill. ; _c24 cm. |
||
| 500 | _aH.B | ||
| 504 | _aIncludes bibliographical references (p. 197-198) and index. | ||
| 650 | 0 |
_aBacteria _xIdentification _vAtlases. _92788 |
|
| 856 | 4 | 2 |
_3Publisher description _uhttp://www.loc.gov/catdir/enhancements/fy0744/00039104-d.html |
| 906 |
_a7 _bcbc _corignew _d1 _eocip _f20 _gy-gencatlg |
||
| 942 |
_2ddc _cBK _kIESE |
||